Outrigger design for high-rise buildings : an output of the CTBUH Outrigger Working Group (Record no. 8080)

000 -LEADER
fixed length control field 00472nam a22001457a 4500
003 - CONTROL NUMBER IDENTIFIER
control field OSt
005 - DATE AND TIME OF LATEST TRANSACTION
control field 20200706115345.0
008 - FIXED-LENGTH DATA ELEMENTS--GENERAL INFORMATION
fixed length control field 200706b ||||| |||| 00| 0 eng d
020 ## - INTERNATIONAL STANDARD BOOK NUMBER
International Standard Book Number 9781864707281
082 ## - DEWEY DECIMAL CLASSIFICATION NUMBER
Classification number 690
Item number CHO
100 ## - MAIN ENTRY--PERSONAL NAME
Personal name Choi, Hi Sun; Joseph, Leonard M.; Mathias, Neville,; Ho, Goman,
245 ## - TITLE STATEMENT
Title Outrigger design for high-rise buildings : an output of the CTBUH Outrigger Working Group
260 ## - PUBLICATION, DISTRIBUTION, ETC. (IMPRINT)
Place of publication, distribution, etc Australia
Name of publisher, distributor, etc Images Publishing Dist Ac
Date of publication, distribution, etc 2016
942 ## - ADDED ENTRY ELEMENTS (KOHA)
Source of classification or shelving scheme
Holdings
Withdrawn status Lost status Source of classification or shelving scheme Damaged status Koha normalized classification for sorting Not for loan Permanent location Current location Date acquired Full call number Barcode Date last seen Price effective from Koha item type
        690_000000000000000_CHO   BMS College of Architecture, Design and Planning BMS College of Architecture, Design and Planning 2020-07-06 690 CHO AR-RD81 2020-07-06 2020-07-06 R&D Books
Copyright © 2025, The Librarian, Library and Information Centre, BMSCA D&P, Bengaluru. All Rights Reserved
web counter

Powered by Koha